000 00260nam a2200109Ia 4500
008 220204s9999 xx 000 0 und d
082 _a537.2
_bHAA
100 _aHeinz
245 0 _aElectrostatic hazards
260 _aNew York
_bVerlag Chemie
_c1977
942 _cBK
999 _c30707
_d30707